Title in the Lyrics -- Red Hot Chili Peppers #2 - Statistics

General Stats
  • This quiz has been taken 519 times
  • The average score is 7 of 15
Answer Stats
Lyrics Title % Correct
____ ________ with my two favorite allies / Fully loaded we got snacks and supplies Road Trippin'
77%
____ __ ____, what's your story? / Where you come from and where you wanna go this time? Tell Me Baby
76%
You don't form in the ___ ____ / You don't form at all Wet Sand
71%
Twisting and turning / Your feelings are burning / You're ________ ___ ____ Breaking the Girl
62%
So much more than / _______'s waking me / To my core and / _______'s shakin' me Charlie
53%
_____ ____ __ / Don't like the Rolling Stones / She took a short cut / To being fully grown She's Only 18
51%
Take it back and you make me nervous / Nothing better than love and service / ___________ ________ I / Win in the long run Universally Speaking
47%
So divine, hell of an elevator / All the while my ________ _____ Fortune Faded
46%
I'll malinger on your block and / Give the finger to a cop and / Pick a lock before I'll knock and / Set you up to ___ __ ___ Get on Top
46%
Meet me at the ______ ____ / We can dance like Iggy Pop Coffee Shop
34%
___ ______ ____ that is me / Sometimes I find I need to scream Sir Psycho Sexy
33%
Life is my friend / Rake it up to take it in / Wrap me in your cinnamon / __________ __ ________ Especially in Michigan
32%
And Mary wants to build it up, and Sherri wants to tear it all back down, girl / The savior of your light / The ________ __ _____ / The ________ __ _____ tonight Monarchy of Roses
31%
This is for the folks in Fayetteville / It'll come true if you say it will / ____ ______ / ____ ______ / ____ ______ Look Around
28%
Descend / All the way / All the way / Everyday / ______ and scared / Of being there Warped
14%
No matching quizzes found
Score Distribution
Percent of People with Each Score
Percentile by Number Answered
Your Score History
You have not taken this quiz